000 00659cam a2200241 4500
001 J566
008 090401t1992 xxu||||| |||| 00| 0 eng d
035 _a(Sirsi) u75544
041 _aeng
050 _a698.32
100 _aBoxall, J.
245 _aFactory-applied stain basecoats for exterior joinery.
260 _aGarston, Watford
_bBuilding Research Establishment
_c1992
300 _a(4)p. : ill. ; 30cm.
350 _a0
490 _aBRE Information Paper
_v2/92
650 _aSTAINS
650 _aTIMBER
690 _aBUILT ENVIRONMENT-BUILDING MATERIALS
710 _aBuilding Research Establishment
942 _n0
948 _c04/03/1997
999 _c96037
_d96037